000 00335 a2200157 4500
001 64210
020 _a9788508134847
040 _cAnchieta - Pituba
100 _aBandeira, Pedro
240 1 0 _aO grande desafio
_lpor
245 1 0 _aO grande desafio
300 _a160
362 0 _a2010
650 4 _aLiteratura juvenil
942 _cBK
999 _c64210
_d64210